| 000 | 01216nam a2200229Ia 4500 | ||
|---|---|---|---|
| 001 | L239-11471 | ||
| 003 | IT-CnALBA | ||
| 008 | 170116s9999||||xx |||||||||||||| ||und|| | ||
| 040 |
_aIT-CnALBA _cIT-CnALBA |
||
| 041 | _aITALIANO | ||
| 100 | _aMARTINET, ABATE | ||
| 245 | 0 | _aSOLUZIONE DI GRANDI PROBLEMI ADATTATA ALLA COMUNE INTELLIGENZA. VOL. V E VI. | |
| 250 | _a1a ed. | ||
| 260 |
_a TORINO. NOVARA _bDE AGOSTINI TIPOGRAFIA _c1853 [1° Ed.:1853 - Ed.Ling.Originale: 1853] |
||
| 300 | _a584 p. | ||
| 500 | _aNAPOLEONE: IMPRESE, COLPE, FINE. RESTAURAZIONE. RIVOLUZIONE 1830. COMUNISMO. ANABATTISTA. PAUPERISMO. INDUSTRIA. VANTAGGI. TRATTA DEI FANCIULLI. INTOLLERANZA RELIGIOSA. ERESIE. TOLLERANZA INGLESE E SVIZZERA. APOSTASIA. CALVINO. VALDESI. | ||
| 501 | _aSocietà San Paolo EM - Piazza San Paolo, 14 - 12051 ALBA (CN) (non commercial uses only) ® Copyright 2017 | ||
| 520 | _aNAPOLEONE: IMPRESE, COLPE, FINE. RESTAURAZIONE. RIVOLUZIONE 1830. COMUNISMO. ANABATTISTA. PAUPERISMO. INDUSTRIA. VANTAGGI. TRATTA DEI FANCIULLI. INTOLLERANZA RELIGIOSA. ERESIE. TOLLERANZA INGLESE E SVIZZERA. APOSTASIA. CALVINO. VALDESI. | ||
| 650 | _aAPOLOGETICA E CONTROVERSIE | ||
| 942 | _cBK | ||
| 957 | _71 | ||
| 999 |
_a16224 _bSI _g Copie: 1 _c270648 _d270648 |
||